[Event "XVII Autunno Scacchistico A"]
[Site "Venezia ITA"]
[Date "2011.10.31"]
[Round "3"]
[White "Del Monaco, Andrea"]
[Black "Guerra, Alessandro"]
[Result "1-0"]
[WhiteElo "2315"]
[BlackElo "2204"]
[PlyCount "53"]
[EventDate "2011.10.30"]

1. e4 c5 2. Nc3 Nc6 3. f4 g6 4. Nf3 Bg7 5. Bb5 Nd4 6. O-O a6 7. Bc4 b5 8. Bd5
Rb8 9. d3 e6 10. Bb3 d6 11. Nxd4 cxd4 12. Ne2 Ne7 13. Qe1 O-O 14. Bd2 Kh8 15.
Qf2 Qb6 16. Qh4 Rb7 17. Rf3 f5 18. Rh3 h6 19. Kh1 Ng8 20. g4 fxg4 21. Qxg4 e5
22. Qg3 Bxh3 23. Qxh3 Nf6 24. Rg1 Nh5 25. Rxg6 Nxf4 26. Rxh6+ Bxh6 27. Qxh6+
1-0

[Event "XVII Autunno Scacchistico A"]
[Site "Venezia ITA"]
[Date "2011.10.31"]
[Round "3"]
[White "Genocchio, Daniele"]
[Black "Bonafede, Alessandro"]
[Result "1/2-1/2"]
[WhiteElo "2432"]
[BlackElo "2364"]
[PlyCount "31"]
[EventDate "2011.10.30"]

1. d4 f5 2. Nc3 Nf6 3. Bg5 d5 4. Bxf6 exf6 5. e3 Be6 6. Nge2 Nc6 7. Nf4 Bf7 8.
Bb5 Qd6 9. Qd2 g6 10. a3 h5 11. h4 Bh6 12. O-O-O O-O-O 13. Kb1 Kb8 14. g3 Ka8
15. Rc1 Na5 16. Rcd1 1/2-1/2

[Event "XVII Autunno Scacchistico A"]
[Site "Venezia ITA"]
[Date "2011.10.31"]
[Round "3"]
[White "Locci, Damiano"]
[Black "Redo, Giorgio"]
[Result "1-0"]
[WhiteElo "2127"]
[BlackElo "2114"]
[PlyCount "59"]
[EventDate "2011.10.30"]

1. c4 f5 2. Nc3 c6 3. e4 fxe4 4. d3 Nf6 5. Bg5 d5 6. Bxf6 exf6 7. cxd5 Bb4 8.
dxe4 Qe7 9. Qd4 O-O 10. Bc4 Kh8 11. Nge2 b5 12. Bb3 c5 13. Qe3 c4 14. Bc2 Nd7
15. O-O Bc5 16. Qd2 a6 17. Rad1 Qd6 18. Nd4 Ne5 19. Nce2 Bg4 20. f3 Bh5 21. Kh1
g5 22. Ne6 Bb4 23. Qe3 Rfe8 24. h3 h6 25. f4 Nf7 26. g4 Bg6 27. e5 Rxe6 28.
Bxg6 gxf4 29. dxe6 Qxe5 30. Qf3 1-0

[Event "XVII Autunno Scacchistico A"]
[Site "Venezia ITA"]
[Date "2011.10.31"]
[Round "3"]
[White "Mrdja, Milan"]
[Black "Zamengo, Fulvio"]
[Result "0-1"]
[WhiteElo "2402"]
[BlackElo "2002"]
[PlyCount "78"]
[EventDate "2011.10.30"]

1. e4 e6 2. d4 d5 3. Nc3 Bb4 4. e5 c5 5. a3 Bxc3+ 6. bxc3 Ne7 7. Qg4 Qc7 8.
Qxg7 Rg8 9. Qxh7 cxd4 10. Ne2 dxc3 11. f4 Nbc6 12. Qd3 Bd7 13. Rb1 Nf5 14. h3
a6 15. g4 Nh4 16. Qh7 Nf3+ 17. Kf2 O-O-O 18. Kxf3 f5 19. Qh4 fxg4+ 20. hxg4
Rdf8 21. Kg2 Qa5 22. Qg3 Qa4 23. g5 Qxc2 24. Qxc3 Qxb1 25. Ng3 Rh8 26. Bd3 Qa2+
27. Qd2 Qxd2+ 28. Bxd2 Rxh1 29. Nxh1 Rh8 30. Nf2 Ne7 31. Ng4 Be8 32. Nh6 Ng8
33. f5 Nxh6 34. gxh6 exf5 35. Bxf5+ Kc7 36. h7 Bd7 37. Bb1 d4 38. Bh6 Bb5 39.
Kf2 d3 0-1

[Event "XVII Autunno Scacchistico A"]
[Site "Venezia ITA"]
[Date "2011.10.31"]
[Round "3"]
[White "Omeri, Silvan"]
[Black "Faccia, Sergio"]
[Result "1-0"]
[WhiteElo "2199"]
[BlackElo "2078"]
[PlyCount "63"]
[EventDate "2011.10.30"]

1. e4 e5 2. Nf3 f5 3. d3 d6 4. Nc3 Nc6 5. Nd5 Nf6 6. Bg5 Be7 7. Nxe7 Qxe7 8. c3
O-O 9. Qc2 Qf7 10. Nd2 fxe4 11. dxe4 Be6 12. f3 Qg6 13. Be3 d5 14. O-O-O d4 15.
cxd4 Nxd4 16. Bxd4 exd4 17. Kb1 Rac8 18. Nc4 Rfd8 19. Na5 c5 20. Nxb7 Rd7 21.
Na5 Ne8 22. Bc4 Nd6 23. b3 Rdc7 24. Ba6 Rb8 25. Rxd4 Nb5 26. Bxb5 Rxb5 27. Rd8+
Kf7 28. Nc4 Ke7 29. Rhd1 Qh6 30. Qc3 Qf6 31. Qe5 Rc6 32. R1d7# 1-0

[Event "XVII Autunno Scacchistico A"]
[Site "Venezia ITA"]
[Date "2011.10.31"]
[Round "3"]
[White "Pfeifer, Andreas"]
[Black "Maccapan, Fabio"]
[Result "1/2-1/2"]
[WhiteElo "2067"]
[BlackElo "2022"]
[PlyCount "225"]
[EventDate "2011.10.30"]

1. d4 d5 2. Bf4 e6 3. e3 Bd6 4. Bg3 Nf6 5. Nd2 c5 6. c3 Nc6 7. Ngf3 b6 8. Bb5
Bb7 9. Qa4 Qc7 10. Bxd6 Qxd6 11. Ne5 Rc8 12. Qxa7 Qc7 13. Qa4 O-O 14. Bxc6 Bxc6
15. Qxc6 Qxc6 16. Nxc6 Rxc6 17. Nf3 Rc7 18. Ne5 Ra8 19. Ke2 Rca7 20. a3 Ne4 21.
f3 Nd6 22. Rad1 f6 23. Nd3 cxd4 24. exd4 Nc4 25. Rc1 Re8 26. Rhe1 Kf7 27. f4
Nd6 28. Kf3 Ne4 29. Rc2 Ra5 30. Rxe4 dxe4+ 31. Kxe4 Ke7 32. c4 Ra4 33. Nb4 Kd6
34. Rc1 Rc8 35. Kd3 Ra5 36. Re1 Rh5 37. h3 Rh4 38. Rf1 Ra8 39. Rf3 f5 40. Nc2
Rh6 41. b3 Rg8 42. Ne3 g5 43. fxg5 Rxg5 44. d5 Ke5 45. dxe6 Rxe6 46. g4 Rd6+
47. Ke2 fxg4 48. hxg4 h5 49. gxh5 Rxh5 50. Ng4+ Ke6 51. Ke3 Rh1 52. Ke4 Rh4 53.
Rf4 Rh3 54. Rf6+ Ke7 55. Rxd6 Kxd6 56. Ne3 Rh1 57. Kd4 Ra1 58. Nc2 Rd1+ 59. Kc3
Rc1 60. Kb2 Rh1 61. Kc3 Rc1 62. Kd2 Rh1 63. b4 Rh2+ 64. Kc3 Rh3+ 65. Kb2 Rf3
66. a4 Rh3 67. Nd4 Rd3 68. Nb5+ Kc6 69. Nc3 Rh3 70. Kc2 Rg3 71. b5+ Kb7 72. Kb3
Rg1 73. Ne4 Rb1+ 74. Kc3 Rc1+ 75. Kd3 Rd1+ 76. Ke3 Kc7 77. Nc3 Ra1 78. Kd4 Kb7
79. c5 bxc5+ 80. Kxc5 Rc1 81. Kb4 Rh1 82. a5 Ra1 83. Na4 Rb1+ 84. Kc4 Rc1+ 85.
Nc3 Rh1 86. a6+ Ka7 87. Kb4 Ra1 88. Na4 Rb1+ 89. Ka5 Rh1 90. Nb2 Rh2 91. b6+
Kb8 92. Nd3 Rh5+ 93. Ka4 Rh6 94. Kb5 Rh5+ 95. Nc5 Rh7 96. Ne4 Rg7 97. Nd6 Rh7
98. Kc6 Rg7 99. Nb5 Rg6+ 100. Kc5 Rg5+ 101. Kb4 Rg1 102. Na3 Ra1 103. Ka4 Ra2
104. Kb3 Rh2 105. Kb4 Ra2 106. Kb3 Rh2 107. Nc4 Rh1 108. Kb4 Rb1+ 109. Kc5 Ra1
110. Kb5 Rb1+ 111. Kc6 Ra1 112. a7+ Rxa7 113. bxa7+ 1/2-1/2

[Event "XVII Autunno Scacchistico A"]
[Site "Venezia ITA"]
[Date "2011.10.31"]
[Round "3"]
[White "Rorato, Renzo"]
[Black "Gallana, Marco"]
[Result "1-0"]
[WhiteElo "2044"]
[BlackElo "2131"]
[PlyCount "85"]
[EventDate "2011.10.30"]

1. Nf3 Nf6 2. c4 g6 3. Nc3 d5 4. cxd5 Nxd5 5. e4 Nxc3 6. dxc3 Qxd1+ 7. Kxd1 Bg7
8. Bf4 c6 9. Kc2 Nd7 10. h4 Nc5 11. Nd2 f5 12. f3 fxe4 13. Be3 Nd7 14. Nxe4 Nf6
15. Nxf6+ exf6 16. Bd3 Be6 17. h5 Kf7 18. hxg6+ hxg6 19. Rxh8 Bxh8 20. Rh1 Bg7
21. Rh7 b6 22. Be4 Bd7 23. Bh6 Rg8 24. f4 g5 25. fxg5 f5 26. Bf3 Kg6 27. Rxg7+
Rxg7 28. Bxg7 Kxg7 29. Bh5 Be6 30. a3 Bf7 31. Bxf7 Kxf7 32. Kd3 Kg6 33. Ke3
Kxg5 34. Kf3 f4 35. Ke4 Kg4 36. c4 a5 37. b4 c5 38. bxc5 bxc5 39. a4 Kg3 40.
Ke5 Kg4 41. Kf6 Kh4 42. Kf5 Kg3 43. Kg5 1-0

[Event "XVII Autunno Scacchistico A"]
[Site "Venezia ITA"]
[Date "2011.10.31"]
[Round "3"]
[White "Sorbera, Giovanni"]
[Black "Gromovs, Sergejs"]
[Result "0-1"]
[WhiteElo "2178"]
[BlackElo "2297"]
[PlyCount "86"]
[EventDate "2011.10.30"]

1. e4 c5 2. Nf3 Nc6 3. c3 d5 4. exd5 Qxd5 5. d4 cxd4 6. cxd4 e6 7. Nc3 Qd8 8.
Be2 Nf6 9. O-O Be7 10. Bf4 O-O 11. Qd2 Nb4 12. Ne5 Nbd5 13. Bg3 Nxc3 14. bxc3
Ne4 15. Qe3 Nxg3 16. hxg3 Qc7 17. Rac1 b6 18. c4 Bb7 19. c5 bxc5 20. dxc5 Bd5
21. Bc4 Rfd8 22. c6 Bf6 23. Bxd5 Rxd5 24. Nd7 Bd4 25. Qf3 Rc8 26. Qb3 Qd8 27.
Rc4 h5 28. Rfc1 Kh8 29. R4c2 h4 30. g4 Rg5 31. Rd1 Rxg4 32. Kf1 Rf4 33. Qb1 g6
34. Rcd2 Bg7 35. Qb5 Qc7 36. Rc2 Rf5 37. Qb7 Qh2 38. c7 h3 39. g4 Rxc7 40. Qxc7
Rxf2+ 41. Rxf2 Qxc7 42. Rdd2 Qc4+ 43. Ke1 Bc3 0-1

[Event "XVII Autunno Scacchistico A"]
[Site "Venezia ITA"]
[Date "2011.10.31"]
[Round "3"]
[White "Xia, Jie"]
[Black "Solomon, Kenny"]
[Result "1-0"]
[WhiteElo "2249"]
[BlackElo "2426"]
[PlyCount "95"]
[EventDate "2011.10.30"]

1. d4 Nf6 2. Nf3 e6 3. Bg5 d5 4. Nbd2 c5 5. e3 Nbd7 6. Be2 Bd6 7. O-O O-O 8.
dxc5 Nxc5 9. c4 Be7 10. Qc2 b6 11. b4 Ncd7 12. a3 Bb7 13. Rac1 a5 14. Qb3 axb4
15. axb4 Ra7 16. Ra1 Qa8 17. Rxa7 Qxa7 18. cxd5 Bxd5 19. Bc4 Rc8 20. Bxd5 Nxd5
21. Bxe7 Nxe7 22. Nd4 Nf6 23. b5 Rc5 24. Qb2 Qc7 25. N2b3 Ng4 26. g3 Rd5 27.
Qe2 h5 28. e4 Rg5 29. f4 Rg6 30. Rc1 Qb7 31. Nc6 e5 32. h3 exf4 33. hxg4 Rxg4
34. Qd1 Ng6 35. Qd5 h4 36. Ra1 Rxg3+ 37. Kf2 h3 38. Nbd4 Rg2+ 39. Kf1 f3 40.
Ra8+ Qxa8 41. Ne7+ Nxe7 42. Qxa8+ Kh7 43. Nxf3 Ng6 44. Qd5 Rb2 45. Ng5+ Kh6 46.
Nxf7+ Kh7 47. Ng5+ Kh6 48. Nxh3 1-0

[Event "XVII Autunno Scacchistico A"]
[Site "Venezia ITA"]
[Date "2011.11.01"]
[Round "4"]
[White "Bianchi, Andrea"]
[Black "Rorato, Renzo"]
[Result "1/2-1/2"]
[WhiteElo "2142"]
[BlackElo "2044"]
[PlyCount "112"]
[EventDate "2011.10.30"]

1. e4 c5 2. Nf3 d6 3. d4 cxd4 4. Qxd4 Nc6 5. Bb5 Bd7 6. Bxc6 Bxc6 7. Nc3 Nf6 8.
Bg5 e6 9. O-O-O Be7 10. Rhe1 h6 11. Bxf6 Bxf6 12. Qxd6 Qxd6 13. Rxd6 Bxc3 14.
bxc3 Ke7 15. Rd3 Bb5 16. Rd4 Rac8 17. a4 Ba6 18. Kb2 Rc7 19. Nd2 Rhc8 20. Re3
e5 21. Rd5 f6 22. Nb1 Bf1 23. g3 Bc4 24. Rd1 Rc6 25. Na3 Rb6+ 26. Kc1 Ra6 27.
Nxc4 Rxc4 28. Red3 Rc7 29. f3 Rxa4 30. Kb2 Ra6 31. h4 Rb6+ 32. Kc1 Rbc6 33. Kb2
h5 34. R1d2 Rb6+ 35. Kc1 Ke6 36. Rd1 Rbc6 37. Kb2 Rb6+ 38. Kc1 Rcc6 39. Rd7
Rxc3 40. f4 exf4 41. gxf4 Rf3 42. f5+ Ke5 43. Re7+ Kf4 44. Rg1 Rf2 45. Rgxg7
Rc6 46. Kb1 Rcxc2 47. Rxb7 Rce2 48. Rg1 Rxe4 49. Rh7 Rb4+ 50. Ka1 Ra4+ 51. Kb1
Kxf5 52. Rxh5+ Kf4 53. Rh7 Rb4+ 54. Ka1 Ra4+ 55. Kb1 Rb4+ 56. Ka1 Ra4+ 1/2-1/2

[Event "XVII Autunno Scacchistico A"]
[Site "Venezia ITA"]
[Date "2011.11.01"]
[Round "4"]
[White "Bonafede, Alessandro"]
[Black "Del Monaco, Andrea"]
[Result "0-1"]
[WhiteElo "2364"]
[BlackElo "2315"]
[PlyCount "126"]
[EventDate "2011.10.30"]

1. e4 c5 2. a3 g6 3. d4 cxd4 4. c3 Nf6 5. e5 Nd5 6. Qxd4 Nb6 7. Nf3 Bg7 8. Qh4
h6 9. Qg3 Nc6 10. Bb5 Qc7 11. e6 Qxg3 12. exf7+ Kxf7 13. hxg3 d5 14. a4 a6 15.
Be2 e5 16. a5 Nd7 17. Be3 Nf6 18. Nbd2 Be6 19. Ra3 Nd7 20. Ra4 Rac8 21. Bd1 g5
22. Nb3 Rhe8 23. Kd2 Bf5 24. g4 Bg6 25. Nc5 Nxc5 26. Bxc5 e4 27. Nd4 Ne5 28.
Ba7 Nc4+ 29. Kc1 b5 30. axb6 Bxd4 31. b7 Bxa7 32. bxc8=Q Rxc8 33. Rf1 Rc6 34.
Be2 Ke6 35. b3 Nd6 36. Kd2 e3+ 37. fxe3 Ne4+ 38. Ke1 Bxe3 39. Rxa6 Bd2+ 40. Kd1
Rxa6 41. Bxa6 Bxc3 42. Bc8+ Ke5 43. Bf5 Be8 44. Bh7 Bd7 45. Kc2 Bb4 46. Rf7 Bb5
47. Rf5+ Kd4 48. Rf3 Be2 49. Rh3 Bf8 50. Bf5 Bf1 51. Rf3 Bxg2 52. Bxe4 Bc5 53.
Bxd5 Kxd5 54. Rf5+ Kd4 55. Rf6 Bh3 56. Ra6 Ke3 57. Rxh6 Bxg4 58. Kc3 Bd4+ 59.
Kc4 Be2+ 60. Kd5 Bf3+ 61. Kc4 g4 62. Rg6 Be5 63. Re6 Kf4 0-1

[Event "XVII Autunno Scacchistico A"]
[Site "Venezia ITA"]
[Date "2011.11.01"]
[Round "4"]
[White "Cardarelli, Angelo"]
[Black "Faccia, Sergio"]
[Result "0-1"]
[WhiteElo "2018"]
[BlackElo "2078"]
[PlyCount "58"]
[EventDate "2011.10.30"]

1. e4 e5 2. Nf3 Nc6 3. Bb5 a6 4. Ba4 Nf6 5. O-O b5 6. Bb3 Be7 7. Re1 O-O 8. c3
d5 9. exd5 Nxd5 10. Nxe5 Nxe5 11. Rxe5 Nf6 12. d4 Bd6 13. Re1 Ng4 14. h3 Nxf2
15. Qf3 Qh4 16. Re2 Ng4 17. Qxa8 Qg3 18. hxg4 Qh2+ 19. Kf1 Bg3 20. Be3 Qh1+ 21.
Bg1 Bh2 22. Rf2 Qxg1+ 23. Ke2 Bxg4+ 24. Qf3 Re8+ 25. Kd3 Bxf3 26. Rxf3 Qxg2 27.
Bxf7+ Kh8 28. Nd2 Re2 29. Rd1 Rxd2+ 0-1

[Event "XVII Autunno Scacchistico A"]
[Site "Venezia ITA"]
[Date "2011.11.01"]
[Round "4"]
[White "Gallana, Marco"]
[Black "Pfeifer, Andreas"]
[Result "1-0"]
[WhiteElo "2131"]
[BlackElo "2067"]
[PlyCount "63"]
[EventDate "2011.10.30"]

1. d4 d6 2. Nf3 Nd7 3. g3 e5 4. Bg2 Ngf6 5. c4 Be7 6. Nc3 O-O 7. O-O Re8 8. e4
a6 9. Re1 Bf8 10. h3 c6 11. a4 a5 12. Qc2 Qe7 13. Be3 g6 14. Rad1 Bg7 15. b3 h6
16. Bc1 Kh7 17. Ba3 Bf8 18. dxe5 Nxe5 19. Bxd6 Qxd6 20. Rxd6 Bxd6 21. Nxe5 Bxe5
22. Rd1 Nd7 23. f4 Bc7 24. e5 Nc5 25. g4 h5 26. Bf3 hxg4 27. hxg4 Ne6 28. Ne4
Kg7 29. f5 Nf4 30. e6 gxf5 31. Qb2+ Kg8 32. Nf6+ 1-0

[Event "XVII Autunno Scacchistico A"]
[Site "Venezia ITA"]
[Date "2011.11.01"]
[Round "4"]
[White "Gromovs, Sergejs"]
[Black "Genocchio, Daniele"]
[Result "1-0"]
[WhiteElo "2297"]
[BlackElo "2432"]
[PlyCount "63"]
[EventDate "2011.10.30"]

1. d4 Nf6 2. c4 d6 3. Nc3 e5 4. d5 Be7 5. e4 c5 6. Nge2 Nbd7 7. h3 h5 8. Be3 a6
9. Nc1 h4 10. Be2 Nh7 11. Nd3 Bg5 12. Qd2 Bxe3 13. Qxe3 Qg5 14. Qxg5 Nxg5 15.
f3 Rb8 16. a3 Nh7 17. b4 b6 18. Kd2 Kd8 19. Rhb1 Kc7 20. Rb2 Ndf6 21. Rab1 Nh5
22. Ke3 Rb7 23. Bd1 N7f6 24. Ba4 Ra7 25. Bc6 Bd7 26. bxc5 dxc5 27. Bxd7 Nxd7
28. a4 Rh6 29. a5 Rd6 30. Na4 b5 31. Naxc5 Kc8 32. Nxd7 1-0

[Event "XVII Autunno Scacchistico A"]
[Site "Venezia ITA"]
[Date "2011.11.01"]
[Round "4"]
[White "Guerra, Alessandro"]
[Black "Capaliku, Aleks"]
[Result "1/2-1/2"]
[WhiteElo "2204"]
[BlackElo "2097"]
[PlyCount "89"]
[EventDate "2011.10.30"]

1. e4 e5 2. Bc4 Bc5 3. Nf3 Nc6 4. O-O Nf6 5. Nc3 O-O 6. d3 h6 7. Be3 Bxe3 8.
fxe3 d6 9. a3 Ne7 10. d4 Ng6 11. Qe1 Qe7 12. Nh4 Nxh4 13. Qxh4 Be6 14. Be2 Nd5
15. Qxe7 Nxe7 16. Nb5 Rfc8 17. a4 a6 18. Na3 f6 19. b4 d5 20. exd5 Nxd5 21. Bc4
Re8 22. Bxd5 Bxd5 23. c4 Be4 24. d5 Bd3 25. Rfc1 e4 26. Nb1 Bxb1 27. Raxb1 Re5
28. Rd1 Kf7 29. Rd4 Ke7 30. a5 b6 31. axb6 cxb6 32. c5 b5 33. Rc1 Kd7 34. c6+
Kd6 35. c7 Rc8 36. Rc6+ Kd7 37. Rxa6 Rxc7 38. h3 Rc4 39. Rd2 Rxb4 40. d6 Ra4
41. Rb6 Ra7 42. Rb8 Ke6 43. Re8+ Kd7 44. Rg8 Ke6 45. Re8+ 1/2-1/2

[Event "XVII Autunno Scacchistico A"]
[Site "Venezia ITA"]
[Date "2011.11.01"]
[Round "4"]
[White "Pastres, Roberto"]
[Black "Gallo, Enrico"]
[Result "1-0"]
[WhiteElo "2150"]
[BlackElo "2066"]
[PlyCount "33"]
[EventDate "2011.10.30"]

1. d4 d5 2. Nf3 Bf5 3. g3 Nf6 4. Bg2 e6 5. Nh4 Bg6 6. c4 Bxb1 7. Rxb1 Bb4+ 8.
Bd2 Bxd2+ 9. Qxd2 Ne4 10. Qc2 Nc6 11. cxd5 exd5 12. Bxe4 dxe4 13. Qxe4+ Kf8 14.
e3 g5 15. Nf3 Qf6 16. Ne5 Re8 17. Nd7+ 1-0

[Event "XVII Autunno Scacchistico A"]
[Site "Venezia ITA"]
[Date "2011.11.01"]
[Round "4"]
[White "Redo, Giorgio"]
[Black "Maccapan, Fabio"]
[Result "1/2-1/2"]
[WhiteElo "2114"]
[BlackElo "2022"]
[PlyCount "82"]
[EventDate "2011.10.30"]

1. f4 d5 2. Nf3 e6 3. e3 Be7 4. c4 Nf6 5. Nc3 O-O 6. b3 c5 7. d3 Nc6 8. Be2 d4
9. Ne4 Nxe4 10. dxe4 dxe3 11. Bxe3 b6 12. O-O Bb7 13. Qb1 Qc7 14. Qb2 Rad8 15.
Rad1 Rxd1 16. Rxd1 Rd8 17. e5 Rxd1+ 18. Bxd1 Qd8 19. Be2 Qc7 20. Qd2 Qd8 21.
Qc3 Qc7 22. a3 Qb8 23. Bd3 g6 24. Be4 Nxe5 25. Nd2 Nc6 26. Kf2 Nd4 27. b4 Nf5
28. g4 Nxe3 29. Kxe3 cxb4 30. axb4 Bxe4 31. Nxe4 Qd8 32. c5 a5 33. bxa5 bxa5
34. Qd4 Qc7 35. g5 a4 36. Qxa4 Bxc5+ 37. Kf3 Qb7 38. Kg3 Qb4 39. Qa8+ Kg7 40.
Nf6 Qe1+ 41. Kg4 Qg1+ 1/2-1/2

[Event "XVII Autunno Scacchistico A"]
[Site "Venezia ITA"]
[Date "2011.11.01"]
[Round "4"]
[White "Santolini, Luigi"]
[Black "Basso, Pier Luigi"]
[Result "1/2-1/2"]
[WhiteElo "2197"]
[BlackElo "2051"]
[PlyCount "30"]
[EventDate "2011.10.30"]

1. d4 d5 2. c4 e6 3. Nc3 Nf6 4. cxd5 exd5 5. Bf4 Bb4 6. a3 Bxc3+ 7. bxc3 O-O 8.
Nf3 c5 9. g3 Ne4 10. Rc1 Nc6 11. Bg2 Qa5 12. dxc5 Qxc5 13. O-O Nxc3 14. Qd2 d4
15. e3 Qxa3 1/2-1/2

[Event "XVII Autunno Scacchistico A"]
[Site "Venezia ITA"]
[Date "2011.11.01"]
[Round "4"]
[White "Solinas, Carlo"]
[Black "Locci, Damiano"]
[Result "0-1"]
[WhiteElo "1994"]
[BlackElo "2127"]
[PlyCount "76"]
[EventDate "2011.10.30"]

1. e4 e6 2. d4 d5 3. Nc3 Bb4 4. e5 b6 5. Qg4 Bf8 6. Nf3 Qd7 7. Bd3 Ba6 8. Bxa6
Nxa6 9. a3 Ne7 10. h4 h5 11. Qf4 Nf5 12. O-O Nb8 13. Re1 Nc6 14. Bd2 Be7 15. b3
O-O-O 16. Ne2 Nxh4 17. Nxh4 g5 18. Qf3 gxh4 19. b4 Rdf8 20. Qd3 Kd8 21. b5 Na5
22. Bxa5 bxa5 23. Nf4 Rfg8 24. c4 Rg4 25. Qf3 Rhg8 26. cxd5 exd5 27. e6 fxe6
28. Nxe6+ Kc8 29. Nf4 h3 30. Qxd5 Qxd5 31. Nxd5 Rxg2+ 32. Kh1 Bd6 33. f4 Rd2
34. Rad1 Rxd1 35. Rxd1 Rf8 36. Kh2 Rf5 37. Nc3 Rxf4 38. Kh1 Rf3 0-1

[Event "XVII Autunno Scacchistico A"]
[Site "Venezia ITA"]
[Date "2011.11.01"]
[Round "4"]
[White "Solomon, Kenny"]
[Black "Sorbera, Giovanni"]
[Result "1-0"]
[WhiteElo "2426"]
[BlackElo "2178"]
[PlyCount "85"]
[EventDate "2011.10.30"]

1. d4 Nf6 2. c4 c5 3. d5 b5 4. cxb5 a6 5. bxa6 g6 6. Nc3 Bxa6 7. Nf3 d6 8. g3
Bg7 9. Bg2 Nbd7 10. Rb1 Qa5 11. Bd2 O-O 12. O-O Rfb8 13. Qc2 Qc7 14. Rfd1 Ng4
15. h3 Nge5 16. Nxe5 Nxe5 17. b3 Ra7 18. Bf1 Bc8 19. Bg2 Raa8 20. a4 c4 21. Nb5
Qc5 22. b4 Qb6 23. Nc3 Bf5 24. e4 Bd7 25. Be3 Qa6 26. a5 Nd3 27. Na2 Rb7 28.
Bf1 Rc8 29. Nc3 Bxc3 30. Qxc3 Ba4 31. Rd2 Bb5 32. Bh6 f6 33. Be3 Kf7 34. Be2 h5
35. h4 e5 36. dxe6+ Kxe6 37. f4 f5 38. exf5+ gxf5 39. Bxh5 Rg7 40. Kh2 Qb7 41.
Rxd3 Rxg3 42. Rxd6+ Kxd6 43. Rd1+ 1-0

[Event "XVII Autunno Scacchistico A"]
[Site "Venezia ITA"]
[Date "2011.11.01"]
[Round "5"]
[White "Capaliku, Aleks"]
[Black "Zamengo, Fulvio"]
[Result "1/2-1/2"]
[WhiteElo "2097"]
[BlackElo "2002"]
[PlyCount "47"]
[EventDate "2011.10.30"]

1. f4 d5 2. Nf3 c5 3. e3 g6 4. Bb5+ Bd7 5. Qe2 Bg7 6. O-O Nf6 7. b3 Ne4 8. Ne5
O-O 9. Bb2 Bxb5 10. Qxb5 Qc7 11. Qe2 Nc6 12. d4 cxd4 13. exd4 Qb6 14. Nxc6 bxc6
15. Qe3 Rfc8 16. c4 e6 17. c5 Qc7 18. Bc3 Re8 19. Nd2 Nxd2 20. Qxd2 Re7 21.
Rae1 Rae8 22. Re2 f6 23. Rfe1 e5 24. fxe5 1/2-1/2

[Event "XVII Autunno Scacchistico A"]
[Site "Venezia ITA"]
[Date "2011.11.01"]
[Round "5"]
[White "Faccia, Sergio"]
[Black "Guerra, Alessandro"]
[Result "0-1"]
[WhiteElo "2078"]
[BlackElo "2204"]
[PlyCount "102"]
[EventDate "2011.10.30"]

1. e4 c5 2. b4 cxb4 3. Bb2 Nc6 4. d4 d5 5. exd5 Qxd5 6. c4 Qe4+ 7. Be2 e5 8.
Nf3 exd4 9. O-O Bc5 10. Nbd2 Qe7 11. Nb3 Nf6 12. Nxc5 Qxc5 13. Nxd4 O-O 14. Nb3
Qg5 15. f4 Qg6 16. Bf3 Bg4 17. Qe1 Bf5 18. Qh4 Ne4 19. Nd4 Nxd4 20. Bxd4 Rad8
21. Bxa7 Qa6 22. Be3 Qxc4 23. Rad1 Nf6 24. Qg5 Bd3 25. Rfe1 Qxa2 26. Bc5 Rfe8
27. Rxe8+ Rxe8 28. Bxb4 Be2 29. Bxe2 h6 30. Qf5 Qxe2 31. Re1 Qc4 32. Rxe8+ Nxe8
33. Bc5 Qe6 34. Qb1 Nf6 35. h3 Ne4 36. Ba7 Qd5 37. Qc1 b5 38. Qc8+ Kh7 39. Qb8
Qc4 40. Qe5 b4 41. Bd4 Nf6 42. Qf5+ Kg8 43. Qe5 b3 44. g4 Qd5 45. Qe3 Qe4 46.
Qd2 Qb1+ 47. Kg2 Qc2 48. Qxc2 bxc2 49. Bb2 Nd7 50. Kf2 Nc5 51. Ke2 Nb3 0-1

[Event "XVII Autunno Scacchistico A"]
[Site "Venezia ITA"]
[Date "2011.11.01"]
[Round "5"]
[White "Gallo, Enrico"]
[Black "Gallana, Marco"]
[Result "1-0"]
[WhiteElo "2066"]
[BlackElo "2131"]
[PlyCount "57"]
[EventDate "2011.10.30"]

1. e4 c6 2. d4 d5 3. Nc3 dxe4 4. Nxe4 Bf5 5. Ng3 Bg6 6. Nf3 Nd7 7. Bc4 e6 8.
O-O Ngf6 9. Qe2 Be7 10. a4 a5 11. Bb3 O-O 12. Re1 Re8 13. Nh4 Nb6 14. Nxg6 hxg6
15. c3 Nbd5 16. Bg5 Qb6 17. Ba2 Rad8 18. Rad1 Rd7 19. Bb1 Red8 20. h4 c5 21. c4
Nc7 22. Bxf6 Bxf6 23. h5 Bxd4 24. hxg6 Qxb2 25. Bc2 Ne8 26. Rb1 Qa3 27. Rb3 Qa2
28. gxf7+ Kf8 29. fxe8=Q+ 1-0

[Event "XVII Autunno Scacchistico A"]
[Site "Venezia ITA"]
[Date "2011.11.01"]
[Round "5"]
[White "Genocchio, Daniele"]
[Black "Pastres, Roberto"]
[Result "1-0"]
[WhiteElo "2432"]
[BlackElo "2150"]
[PlyCount "47"]
[EventDate "2011.10.30"]

1. e4 c5 2. c3 e6 3. d4 d5 4. exd5 exd5 5. Nf3 a6 6. Bd3 c4 7. Bc2 Bd6 8. O-O
h6 9. b3 cxb3 10. axb3 Ne7 11. Nh4 Qc7 12. g3 Nbc6 13. Re1 O-O 14. Qd3 f5 15.
Ba3 Bd7 16. Bxd6 Qxd6 17. f4 Rad8 18. Nd2 Qf6 19. Ndf3 Nc8 20. Ne5 Nd6 21. b4
Be8 22. Bb3 Ne4 23. Nxf5 Nxc3 24. Nxc6 1-0

[Event "XVII Autunno Scacchistico A"]
[Site "Venezia ITA"]
[Date "2011.11.01"]
[Round "5"]
[White "Locci, Damiano"]
[Black "Bonafede, Alessandro"]
[Result "0-1"]
[WhiteElo "2127"]
[BlackElo "2364"]
[PlyCount "62"]
[EventDate "2011.10.30"]

1. c4 d6 2. g3 f5 3. Bg2 Nf6 4. b3 g6 5. Bb2 Bg7 6. e3 O-O 7. Ne2 Na6 8. d3 e5
9. O-O Qe7 10. a3 c6 11. Nbc3 Nc7 12. Qc2 Kh8 13. Rae1 g5 14. b4 Bd7 15. a4 g4
16. b5 Ne6 17. d4 Ng5 18. Kh1 Nf3 19. Rd1 Qf7 20. h4 Qxc4 21. Ba3 Ne4 22. Rc1
Nxc3 23. Bxd6 Qxe2 24. Bxf8 Rxf8 25. Qxc3 exd4 26. exd4 Bxd4 27. Qa3 Re8 28.
Qd6 Qe6 29. Qc7 cxb5 30. Bxf3 gxf3 31. Rcd1 f4 0-1

[Event "XVII Autunno Scacchistico A"]
[Site "Venezia ITA"]
[Date "2011.11.01"]
[Round "5"]
[White "Maccapan, Fabio"]
[Black "Cardarelli, Angelo"]
[Result "1-0"]
[WhiteElo "2022"]
[BlackElo "2018"]
[PlyCount "73"]
[EventDate "2011.10.30"]

1. c4 e5 2. Nc3 Nf6 3. g3 d5 4. cxd5 Nxd5 5. Bg2 Nb6 6. Nf3 Nc6 7. d3 Be7 8.
O-O O-O 9. a3 Be6 10. b4 a5 11. b5 Nd4 12. Nxd4 exd4 13. Ne4 a4 14. Nd2 Nd5 15.
Bb2 Bf6 16. Ne4 c6 17. bxc6 bxc6 18. Nxf6+ Qxf6 19. Rc1 Rfc8 20. e3 c5 21. exd4
Rab8 22. Qd2 cxd4 23. Rc4 Nc3 24. Rc6 Nb5 25. Rfc1 Rc7 26. Bh3 Rcb7 27. Bxe6
fxe6 28. Rc8+ Kf7 29. Qb4 Kg6 30. Rxb8 Rxb8 31. Rc5 Rf8 32. f4 Nc3 33. Re5 h6
34. Qxd4 Nd1 35. Qe4+ Kf7 36. Bd4 Qe7 37. Bc5 1-0

[Event "XVII Autunno Scacchistico A"]
[Site "Venezia ITA"]
[Date "2011.11.01"]
[Round "5"]
[White "Omeri, Silvan"]
[Black "Dragojlovic, Andjelko"]
[Result "0-1"]
[WhiteElo "2199"]
[BlackElo "2381"]
[PlyCount "106"]
[EventDate "2011.10.30"]

1. e4 c5 2. Nf3 g6 3. d4 cxd4 4. Nxd4 Bg7 5. Nc3 Nc6 6. Be3 Nf6 7. Bc4 Qa5 8.
Nb3 Qb4 9. Bd3 Nxe4 10. Bxe4 Bxc3+ 11. bxc3 Qxe4 12. O-O O-O 13. Re1 Qc4 14.
Bh6 Re8 15. Qf3 Qh4 16. Bf4 d6 17. Bxd6 Bg4 18. Qg3 Qxg3 19. Bxg3 Rac8 20. f3
Bf5 21. Re2 f6 22. Nc5 b6 23. Ne4 Kf7 24. Rae1 Na5 25. Re3 Bxe4 26. fxe4 e5 27.
Rd3 Re7 28. Rf1 Ke6 29. Rdf3 Rf7 30. Bh4 Rcf8 31. Rd1 Nc4 32. g4 Nd6 33. Re3
Rc8 34. g5 fxg5 35. Bxg5 Rc4 36. Rde1 Rfc7 37. Bd8 Rc8 38. Bg5 Rxc3 39. Kf2
Rxe3 40. Bxe3 Rxc2+ 41. Kf3 Rxh2 42. Bf2 g5 43. a4 h5 44. a5 bxa5 45. Bxa7 g4+
46. Kg3 Rh3+ 47. Kg2 a4 48. Bc5 a3 49. Ra1 Nxe4 50. Bxa3 h4 51. Bb4 Rb3 52. Be1
Rb2+ 53. Kg1 g3 0-1